000 01232nam a2200325 a 4500
001 000108996
003 CHAP
005 20220329144033.0
008 140327s2013 mx sm |||||||spa d
010 _a105458
011 _a106430
040 _cCHAP
090 _aTesis
100 1 _aPacheco Campos, Mario
_9126083
245 1 0 _aAnálisis de rentabilidad privada y económica para variedades mejoradas del cultivo de trigo en el Valle de Morelia, Indaparapeo, Michoacán, 2011
_h[En línea]
_cpor Mario Pacheco Campos.
260 _aChapingo, Méx. :
_bEl autor,
_c2013.
500 _aPara ver el contenido del material haga clic en la liga
502 _aTesis (Lic. en Economía Agrícola) -- UACH. División de Ciencias Económico Administrativas
590 _aBATCH-UPD
_b05
_c20141002
_lUCH01
_h0858
590 _aE6096MTM
_b05
_c20140327
_lUCH01
_h0905
590 _aE6096MTM
_b05
_c20140327
_lUCH01
_h0907
650 1 4 _aTrigo
_xAspectos económicos.
_9114967
650 1 4 _aTrigo
_xMejoramiento.
_9115057
650 1 4 _aTrigo
_xMichoacán.
_9115062
650 1 4 _aTrigo
_xVariedades.
_9115119
856 _aFinding aid
_uhttp://10.13.5.2/tesis/sist108996.pdf
_zTeclea aquí
901 _aBK
942 _cTESIS
942 _n0
999 _c105458
_d105458